000 02753cam a22006134i 4500
003 PE-LiUPU
005 20250731165442.0
008 160528s2015 mx a rb 000 0 spa d
020 _a6075195734
020 _a9786075195735
035 _a(Sirsi) i9786075195735
040 _aEBLCP
_beng
_epn
_cEBLCP
_dOCLCQ
_dPE-LiUPU
_erda
049 _aPRUA
050 4 _aZ1003 -- V648 2015eb
082 0 4 _a028.9
_bV63 2015
100 1 _aVidal López, Guillermo Ulises,
_eautor.
245 1 0 _aTaller de lectura y redacción I :
_bcon enfoque por competencias /
_cG. Ulises Vidal López.
264 1 _aMéxico, D.F. :
_bCENGAGE Learning,
_c2015.
300 _axvi, 288 páginas :
_bilustraciones ;
_c27 centímetros.
336 _atext
_2rdacontent
337 _aunmediated
_2rdamedia
338 _avolume
_2rdacarrier
504 _aBibliografía : página 282-288.
505 0 _aPrácticas en el proceso comunicativo -- Prácticas el proceso de lectura y escritura -- Redactas prototipos textuales -- Prácticas el uso del léxico y la semántica -- Redactas textos personales -- Clasificas los textos personales -- Prácticas el uso del léxico y la semántica -- Redactas textos expositivos -- Clasificas los textos expositivos -- Prácticas el uso del léxico y la semántica.
526 _aSEG44
526 _aSEG26
526 _aP151
526 _aP150
526 _aP149
526 _aP146
526 _aP145
526 _aP126
526 _aP125
526 _aP92
526 _aP75
526 _aP74
526 _aP27
526 _aP15
541 _g0020-0000826;
650 4 _aBooks and reading.
650 4 _aComposition (Language arts)
650 4 _aLectura.
650 4 _aRedacción.
650 2 4 _aComunicación escrita
_xEstudio y enseñanza.
910 _armch
_btqv
_cwelc
_d20160725
942 _2ddc
_cBOOK
949 _a028.9 V63 2015
_wDEWEY
_c1
_i74127
_d2016-10-12
_e2016-10-5
_lCCODEBUL1
_mBUL
_n6
_p21.00
_r0
_sY
_tBOOK
_u2016-8-2
_xEDUCACION
_PP20
_0COMPRA
_o.STAFF. Colección General
949 _a028.9 V63 2015
_wDEWEY
_c1
_iFJ01267
_lCCODEBUJ1
_mBUJ
_p25.83
_r0
_sY
_tBOOK
_u2016-7-25
_xEDUCACION
_PP20
_0COMPRA
_o.STAFF. Colección General Juliaca
994 _aC0
_bPEPRU
596 _a1 3
999 _a028.9 V63 2015
_wDEWEY
_c11487
_iFJ01267
_f2021-12-27
_g4
_lCCODEBUJ1
_mBUJ
_p25.83
_r0
_sY
_tBOOK
_u2016-7-25
_xEDUCACION
_PP20
_0COMPRA
_o.STAFF. Colección General Juliaca
_d11487
999 _a028.9 V63 2015
_wDEWEY
_c1
_i74127
_d2018-11-27
_e2018-3-13
_f2021-11-9
_g5
_lCCODEBUL1
_mBUL
_n8
_p21.00
_q5
_r0
_sY
_tBOOK
_u2016-8-2
_xINGENIERIA
_PP20
_0COMPRA
_o.STAFF. Colección General
980 _81
_gALBERTO SANCHEZ Responsable de Automatización